The commercial, economic & political dictionary (Record no. 50943)

MARC details
000 -LEADER
fixed length control field 00842cam a22002291 4500
001 - CONTROL NUMBER
control field ne 68004126
003 - CONTROL NUMBER IDENTIFIER
control field DLC
005 - DATE AND TIME OF LATEST TRANSACTION
control field 20260227111849.0
008 - FIXED-LENGTH DATA ELEMENTS--GENERAL INFORMATION
fixed length control field 710901s1968 ua d 00010 eng
010 ## - LIBRARY OF CONGRESS CONTROL NUMBER
LC control number ne 68004126 //r83
025 ## - OVERSEAS ACQUISITION NUMBER
Overseas acquisition number PL480:UAR-9227
041 0# - LANGUAGE CODE
Language code of text/sound track or separate title engmul
050 0# - LIBRARY OF CONGRESS CALL NUMBER
Classification number HF1002
Item number .A15
100 20 - MAIN ENTRY--PERSONAL NAME
Personal name ʻAbd al-Rāziq, Jamāl al-Dīn.
245 14 - TITLE STATEMENT
Title The commercial, economic & political dictionary
Remainder of title & self-educator, English-French-Arabic. [al-Qāmūs al-tijārī al-iqtiṣadi, al-siyāsī, Injilizī-Firinsī-ʻArabī.
Statement of responsibility, etc. [taʼlīf] Jamāl al-Dīn ʻAbd al-Rāziq]
260 0# - PUBLICATION, DISTRIBUTION, ETC.
Place of publication, distribution, etc. [[al-Qāhirah]
Name of publisher, distributor, etc. Dār al-Hinā lil-Tibāʻah]
Date of publication, distribution, etc. 1968]
300 ## - PHYSICAL DESCRIPTION
Extent 223 p.
Dimensions 21 cm.
350 ## - PRICE (NR) (BK AM CF MU VM SE) [OBSOLETE]
Price £E1.00
650 #0 - SUBJECT ADDED ENTRY--TOPICAL TERM
Topical term or geographic name entry element Economics
General subdivision Dictionaries
-- Polyglot.
650 #0 - SUBJECT ADDED ENTRY--TOPICAL TERM
Topical term or geographic name entry element Arabic language
General subdivision Dictionaries
-- Polyglot.
740 01 - ADDED ENTRY--UNCONTROLLED RELATED/ANALYTICAL TITLE
Uncontrolled related/analytical title Qāmūs al-tijārī.

No items available.

Powered by Koha